000 00794 a2200181 4500
003 Nust
005 20221220115242.0
040 _cNust
082 _a621.384,MAR
100 _aMarcus, Abraham
_940045
245 _aRadio projects /
_cAbraham Marcus,
260 _aPrentice-Hall,
_bEnglewood Cliffs [N.J
_c1955
300 _a74 p
_billus
_c29 cm
505 _aHow to Solder (Page-1), Crystal Detector Receiver (Page-6) Diode Detector Receiver (Page-12), The Regenerative Receiver (Page-18), A-C Power Supply #1 (Page-25), A-C Power Supply #2 (Page-34), Audio-Frequency Amplifier (Page-38), Tuned-Radio-Frequency Tuner (Page-44), AC-DC Superheterodyne Receiver (Page-54), Code Oscillator (Page-65).
600 _aMarcus, Abraham
_940045
650 _aRadio projects
_9105332
942 _2ddc
_cBK
999 _c183073
_d183073